000 00589nam a2200181Ia 4500
005 20250923144745.0
008 008 250917s9999 xx 000 0 eng d
037 _aTextual
040 _aDSWL
_beng
_cDSWL
041 _aeng
_2eng
084 _aYX,zo(L:421);6'N60t, N61
_qDSWL
100 _aKanwar, K.L.
_9828088
245 0 _aRailway guards study of living and work conditions
_cby K.L. Kanwar
260 _aDelhi
_bDelhi Delhi School of Social Work
_c1961
300 _a96p.
942 _cTEXL
_hYX,zo(L:421);6'N60t, N61
999 _c1442962
_d1442962